00489nam a22001577a 450000500170000001000150001702000260003203500140005803700130007208200100008510000170009524500530011226000330016527001040019830000290030220171016115910.0 aENG-120999 a9788183822626c195.00 aEN-104531 bDBAD/PUB a651.3 aBhatia, R.C. aPrinciplesmof office management /cby R.C.Bhatia aNew DelhibLotus Pressc2012 aUnit No. 220, 2nd Floor, 4735/22, Prakash Deep Building, Ansari Road, Darya GanjbNew Delhie110002 a270p. :c22cm(pbk)bill.